Music Quiz

Random Music or Song Quiz

Eminem Album By Song Quiz Stats

Quiz not verified by Sporcle

Also try: Queen Songs
Challenge
Share
Tweet
Embed
Score 0/7 Timer 11:00
0 Plays Today
% Correct
Slim Shady
90.9%
The Eminem Show (2002)
36.4%
Recovery (2010)
31.8%
The Slim Shady LP (99')
27.3%
The Marshal Mathers LP (2000)
27.3%
Relapse (2007)
27.3%
Curtain Call (2005)
22.7%

You're not logged in!

Compare scores with friends on all Sporcle quizzes.
Join for Free
OR
Log In

You Might Also Like...

Show Comments

Extras

Top Quizzes Today


Score Distribution

Your Account Isn't Verified!

In order to create a playlist on Sporcle, you need to verify the email address you used during registration. Go to your Sporcle Settings to finish the process.

Report this User

Report this user for behavior that violates our Community Guidelines.

Details: